000 00757nam a22002297a 4500
005 20250904153610.0
008 250904b |||||||| |||| 00| 0 eng d
020 _a978-93-91201-85-2 (pbk)
037 _cTB
040 _aCRL
_cCRL
041 _2SIN
_aSIN
084 _aO1593,2N46w R1
_bCRL
100 _aKundnani, Sandhya Chandar
_9820099
245 _aTajurbati natakain jo bani:
_bshair ain muhaqaq Dr. Prem Prakash
260 _aNagpur, India:
_bShri Ganesh Raut,
_c2021.
300 _a110+98p.
365 _b450.00
_cINR
650 _aSindhi Literature
650 _aSindhi Drama
_9817260
942 _2CC
_cTB
_hO1593,2N46w R1
_n0
999 _c1435188
_d1435188